[Event "Corus"]
[Site "Wijk aan Zee"]
[Date "2003.01.12"]
[Round "2"]
[White "Ivanchuk, Vassily"]
[Black "Krasenkow, Michal"]
[Result "1/2-1/2"]
[WhiteElo "2699"]
[BlackElo "2633"]
[Annotator "Postny,E"]
[PlyCount "71"]
[EventDate "2003.01.11"]
[EventType "tourn"]
[EventRounds "13"]
[EventCountry "NED"]
[EventCategory "18"]
[SourceTitle "CBM 093"]
[Source "ChessBase"]
[SourceDate "2003.04.01"]
[SourceVersion "1"]
[SourceVersionDate "2003.04.01"]
[SourceQuality "1"]

1. e4 e5 2. Nf3 Nc6 3. Bb5 a6 4. Ba4 Nf6 5. O-O Nxe4 6. d4 b5 7. Bb3 d5 8. dxe5
Be6 9. Nbd2 Be7 10. c3 Qd7 {A rare move in this position. The alternatives 10..
.0-0 and 10...Nc5 are far more popular.} 11. Qe2 {This continuation is
probably not very promising for white.} (11. Bc2 Bf5 12. Nd4 Bg6 {- see the
game Luther,T-Krasenkow,M/Asti 1996/CBM 57}) (11. Re1 Nc5 12. Nd4 Nxb3 13.
N2xb3 Nd8 14. f4 c5 15. f5 cxd4 16. fxe6 Nxe6 17. Nxd4 Nxd4 18. Qxd4 O-O $11 {
1/2-1/2 Plaskett,J-Krasenkow,M/Hastings 1993/CBM 33 ext (42)}) 11... Nc5 12.
Bc2 {This position can also arise after the following order of moves: 10...Nc5
11.Bc2 Qd7 12.Qe2.} Bf5 13. Nb3 Bxc2 14. Qxc2 Ne6 15. Be3 O-O 16. Rad1 f6 17.
exf6 Rxf6 $146 {This recapture is more logical, than 17...Bxf6.} (17... Bxf6
18. Rd2 Ne7 19. Nc5 Nxc5 20. Bxc5 $14 {1/2-1/2 Tancsa,R-Forgo,E/Pecs 1998/EXT
2000 (33)}) 18. Qd3 Rd8 19. Rfe1 h6 (19... Nf4 20. Bxf4 Rxf4 21. Re2 {and
white has some pressure along the central files.}) 20. Kh1 {A mistery move
from the first sight, but white is preparing 21.Bd4, which is not good right
now.} (20. Bd4 $2 Nf4 21. Qf1 Rg6 $36) 20... Bf8 (20... Qe8 21. Nbd4 $14) 21.
Bd4 (21. Rd2 $6 {[%csl Rd5][%cal Ge1d1]} Qf7 $132 {[%cal Gf6f3]}) 21... Nf4 22.
Qf1 Rf7 (22... Rg6 $6 23. g3) 23. Be3 Ng6 24. Bc5 Rf6 25. Re3 (25. Bxf8 $6
Rdxf8 26. Nc5 Qf7 {with a very strong pressure along the "f" file.}) 25... Qf7
26. Rd2 Rf5 ({There was interesting tactical possibility:} 26... Na5 27. Nxa5
Bxc5 28. Nb7 Bxe3 29. Nxd8 Qd7 30. fxe3 Qxd8 31. c4 bxc4 32. Qxc4 {=/+/=}) 27.
Nfd4 Nxd4 28. cxd4 Bd6 29. Bxd6 cxd6 $1 {[%csl Yc5,Ye5][%cal Yd6c5,Yd6e5]
Right recapture. It is important to cover the weak fields c5 and e5. The
activity of black's pieces compensates the double pawns.} 30. Nc1 {Ivanchuk is
trying to find better pastures for his knight.} b4 {Gaining some space on the
queenside and preventing the possible transfer of white's rook via the third
rank as well.} 31. f3 (31. Rc2 $5) 31... Qc7 32. Re1 a5 33. Ne2 Rf7 34. Rc1 Qb7
35. Qf2 Re8 36. Ng1 {In this approximately equal position draw was agreed.}
1/2-1/2

[Event "Moscow Aeroflot op-A"]
[Site "Moscow"]
[Date "2003.02.15"]
[Round "5"]
[White "Efimenko, Zahar"]
[Black "Kaidanov, Gregory S"]
[Result "0-1"]
[WhiteElo "2590"]
[BlackElo "2629"]
[Annotator "Postny,E"]
[PlyCount "78"]
[EventDate "2003.02.10"]
[EventType "swiss"]
[EventRounds "9"]
[EventCountry "RUS"]
[SourceTitle "CBM 094"]
[Source "ChessBase"]
[SourceDate "2003.05.26"]
[SourceVersion "1"]
[SourceVersionDate "2003.05.26"]
[SourceQuality "1"]

1. e4 e5 2. Nf3 Nc6 3. Bb5 a6 4. Ba4 Nf6 5. O-O Nxe4 6. d4 b5 7. Bb3 d5 8. dxe5
Be6 9. Be3 Be7 10. c3 O-O 11. Re1 {A rare continuation in this particular
position. 11.Nbd2 is the usual move here.} Na5 {Black is trying to seize the
initiative on the spot.} (11... Qd7 12. Nbd2 {transposes to one of the main
lines.}) 12. Bc2 (12. Nd4 Nxb3 (12... c5 $5) 13. axb3 Bd7 14. b4 c6 15. Nd2
Nxd2 16. Qxd2 $14 {1-0 Maletin,P-Bagretsov,A/Moscow 2002/CBM 88 ext (36)})
12... Nc4 13. Bc1 $6 {This move is too optimistic, to say the least.} (13. Qc1
Bg4 14. Nd4 Bd7 15. Bf4 c5 16. Nf3 Bc6 (16... f6 $142) 17. b3 Nb6 18. Qe3 Re8
19. Nbd2 $14 {0-1 Sulejmanova,A-Antoshkova,T/Ufa 1996/EXT 2002 (54)}) 13... Bc5
14. Nd4 $2 {This is already the decisive mistake. White has certainly
overlooked black's next move.} ({The least of the evils for white would have
been} 14. Bxe4 dxe4 15. Nd4 $15) {[%tqu "En","Find the strongest continuation
for black.","","","e4f2","This typical strike is particurlarly strong here. A
very instructive punishment for white's inadequate opening play.",15,"c4e5","",
0]} 14... Nxf2 $1 $146 {[%mdl 72] This typical strike is particurlarly strong
here. A very instructive punishment for white's inadequate opening play.} (
14... Nxe5 $2 15. f3 Qh4 16. fxe4 Ng4 17. h3 Nf2 18. Qe2 Nxh3+ 19. gxh3 Qg3+
20. Kh1 Bxd4 21. cxd4 $18 {0-1 Wainwright-Lasker,Ed/London 1914 (45)}) 15. Kxf2
Qh4+ 16. Kg1 ({After} 16. Kf1 f6 {[%csl Rf1] white can not survive the attack.}
) 16... Bg4 {[%csl Rd1,Re1] The point of the combination. Black wins material.}
17. Re2 (17. g3 Bxd1 18. gxh4 Bxc2 $19) ({White could provide more stubborn
resistance after} 17. Bxh7+ $1 Kxh7 18. Qc2+ Kg8 19. Qf2) 17... Bxe2 18. Qxe2
Bxd4+ 19. cxd4 Qxd4+ 20. Qf2 Qxf2+ 21. Kxf2 Nxe5 {Black's material advantage
is enough for a win.} 22. Bf4 Rfe8 23. Nc3 Rad8 24. h3 $2 {Another mistake,
which simplifies the winning process for black.} (24. Rd1) 24... d4 25. Ne4 Ng6
{Now white is unable to avoid further material losses.} 26. Bg5 (26. Bxc7 Rc8
27. Nd6 Rxc7 28. Bxg6 Rd8 $19) 26... Rd5 27. h4 d3 28. Bb3 Rf5+ 29. Ke3 Rfe5
30. Kxd3 Rxe4 31. Rf1 Nh8 {An important defensive resource. White's further
resistance is pointless.} 32. Bd5 Re1 33. Rxe1 Rxe1 34. b4 Ng6 35. Kd4 h6 36.
Bd2 Rd1 37. Kc3 Nxh4 38. Bb7 Nf5 39. Bxa6 Nd6 0-1

[Event "Ismailia Misr 2nd"]
[Site "Ismailia"]
[Date "2004.08.18"]
[Round "4"]
[White "Timoshenko, Georgy"]
[Black "Amin, Bassem"]
[Result "1-0"]
[WhiteElo "2536"]
[BlackElo "2425"]
[Annotator "Postny,E"]
[PlyCount "89"]
[EventDate "2004.08.16"]
[EventType "tourn"]
[EventRounds "11"]
[EventCountry "EGY"]
[EventCategory "10"]
[SourceTitle "CBM 103"]
[Source "ChessBase"]
[SourceDate "2004.11.11"]
[SourceVersion "1"]
[SourceVersionDate "2004.11.11"]
[SourceQuality "1"]

1. e4 e5 2. Nf3 Nc6 3. Bb5 a6 4. Ba4 Nf6 5. O-O Nxe4 6. d4 b5 7. Bb3 d5 8. dxe5
Be6 9. Be3 {A solid continuation which usually yields white only a minimal
advantage.} Be7 (9... Nc5 $6 10. Nc3 Nxb3 11. cxb3 $1 $14 {Ponomariov,
R-Kortschnoj,V/Donetsk 2001/CBM 81}) (9... Bc5 {--> 1-0 Akopian,V-Adianto,U/
Tripoli 2004/CBM 102 [Postny,E] (43)}) 10. c3 Qd7 (10... O-O 11. Nbd2 (11. Re1
Na5 {--> 0-1 Efimenko,Z-Kaidanov,G/Moscow 2003/CBM 94 [Postny,E] (39)}) 11...
Bg4 {--> 1/2-1/2 Sadvakasov,D-Kortschnoj,V/Astana 2003/CBM 93 [Postny,E] (44)})
11. Nbd2 O-O 12. Re1 ({Does not create any problems for black:} 12. Bc2 {
--> 0-1 Ganguly,S-Nielsen,P/Tripoli 2004/CBM 102 [Postny,E] (29)}) 12... Rad8 {
This position can arise after various orders of moves, for example: white can
play c2-c3 before Bc1-e3, or black can play Ra8-d8 before castling etc...} ({
A rare, but possible alternative is:} 12... Kh8 {--> 1/2-1/2 Ivanchuk,
V-Krasenkow,M/Lvov 2000/CBM 77 [Mikhalevski,V] (59)}) 13. Bc2 f5 {This move is
the most principled one, since it gives black more space. White is practically
forced now to take "en passant", because Ne4 is very strong.} ({After} 13...
Nxd2 14. Qxd2 Bf5 15. Rad1 Bxc2 16. Qxc2 {white gets small, but stable
advantage. For example see the annotated game Golod,V-Mikhalevski,V/Beersheba
1997/CBM 58 [Mikhalevski,V]}) 14. exf6 Nxf6 15. a4 {Opening the "a" file for
the rook.} (15. Qb1 {--> 1-0 Stefansson,H-Gretarsson,H/Reykjavik 1995/CBM 49 
[Ftacnik] (49)}) (15. h3 {--> 1/2-1/2 De Toledo,J-Sorin,A/Americana 1997/CBM
61 [Mikhalevski,V] (29)}) (15. Ng5 Bf5 16. Bxf5 Qxf5 17. Qb1 Qd7 18. Bf4 Bd6 (
18... Rfe8 $142) 19. Bxd6 Qxd6 20. Re6 Qd7 21. Nb3 d4 22. Nc5 Qd5 23. Rxf6 Rxf6
24. Qxh7+ Kf8 25. Qh8+ Qg8 26. Nh7+ Ke7 27. Qxg8 Rxg8 28. Re1+ Kf7 29. Nxf6
gxf6 30. Nxa6 $18 {1-0 Sadvakasov,D-Nielsen,P/Copenhagen 2004/CBM 101 ext (37)}
) 15... Bd6 $6 {This natural move is probably the source for black's troubles.}
(15... Bf5 16. axb5 axb5 17. Bxf5 Qxf5 18. Ra6 Nb8 19. Ra5 b4 20. Bc5 Bxc5 21.
Rxc5 bxc3 22. bxc3 {1/2-1/2 Brodsky,M-Ernst,S/Dieren 2001/CBM 83 ext (22)}) ({
Deserves further investigation} 15... Ng4) 16. axb5 axb5 17. Bd3 Rb8 18. Qe2 {
[%csl Rb5]} Nd8 $146 (18... Ne7 $2 19. Ba7 {[%csl Rb8,Re6]} Rb7 20. Qxe6+ Qxe6
21. Rxe6 Ra8 22. Rae1 Raxa7 23. Rxe7 Bxe7 24. Rxe7 $18 {1/2-1/2 Timoshenko,
G-Mikhalevski,V/Kiev 1995/CBM 51 (64)}) 19. b4 $1 $14 {Fixing the
pawnstructure on the queenside.} Bg4 {This move is not to the point.} ({
It's recommended for black to exchange the light-squared bishops by} 19... Bf5)
20. h3 Bh5 $2 {Black is insisting to keep the pin on the h5-d1 diagonal, which
gives him absolutely nothing.} ({It was the last chance to go for the correct} 
20... Bf5) 21. Qf1 $1 {Unpinning the knight.} c6 ({Probably the least of the
evils for black was} 21... Bxf3 $5 22. Nxf3 Ne4) 22. Nd4 Bc7 $2 {Another
mistake. It was necessary to keep the c7 square for the queen.} (22... Qc7 $16)
23. Bf5 {This manoeuvre became possible after black has transfered his bishop
to a useless h5 square.} Qf7 (23... Qd6 24. g3 {[%cal Ge3f4]} Rf7 25. Ra7 $18)
24. Ra6 {Black is not able to prevent material losses.} g6 {[%csl Rh5] An ugly
move, especially when it leaves the Bh5 with no place to retreat. On the other
hand, there was no significant improvement anyway.} 25. Bd3 Qd7 26. Nxc6 $1 {
White had numerous attractive continuations, but this is the most effective
one.} Nxc6 27. Bxb5 Rxb5 (27... Qd6 28. g3 $18) 28. Qxb5 Nb8 29. Qxd7 Nfxd7 30.
Ra7 Be5 31. Bh6 ({Also winning was the immediate} 31. g4) 31... Rc8 (31... Bxc3
32. g4 $18) 32. g4 Bxc3 33. Rc1 Ne5 34. gxh5 ({Quicker was} 34. Rg7+ $1 Kh8 35.
Rb7) 34... Nf7 (34... Nd3 35. Rxc3 Rxc3 36. Nf3 {[%csl Rg8] with a mating
attack.}) 35. Be3 {Black is an exchange down and all his pieces are badly
coordinated. The rest is an agony.} Nc6 36. Rd7 d4 37. Ne4 $1 dxe3 38. Rxc3 e2
39. Re3 Nce5 40. Nf6+ Kg7 41. Rxe5 Rc1+ 42. Kg2 e1=Q 43. Rxe1 Rxe1 44. Nxh7 Re5
45. f4 1-0

[Event "FIDE-Wch k.o."]
[Site "Tripoli"]
[Date "2004.06.20"]
[Round "1.2"]
[White "Ganguly, Surya Shekhar"]
[Black "Nielsen, Peter Heine"]
[Result "0-1"]
[WhiteElo "2582"]
[BlackElo "2628"]
[Annotator "Postny,E"]
[PlyCount "58"]
[EventDate "2004.06.19"]
[EventType "k.o."]
[EventRounds "7"]
[EventCountry "LBY"]
[SourceTitle "CBM 102"]
[Source "ChessBase"]
[SourceDate "2004.09.23"]
[SourceVersion "1"]
[SourceVersionDate "2004.09.23"]
[SourceQuality "1"]

1. e4 e5 2. Nf3 Nc6 3. Bb5 a6 4. Ba4 Nf6 5. O-O Nxe4 6. d4 b5 7. Bb3 d5 8. dxe5
Be6 9. Be3 {In this line white usually prevents black's counterplay connected
with d5-d4 thrust. On the other hand, white's bishop on e3 is sometimes
misplaced. More popular continuation is 9.Nbd2.} Be7 10. c3 O-O 11. Nbd2 Qd7 ({
Another reliable continuation is} 11... Bg4 {--> 1/2-1/2 Sadvakasov,
D-Kortschnoj,V/Astana 2003/CBM 93 [Postny,E] (44)}) 12. Bc2 {This line is
probably not so promising for white.} (12. Nxe4 dxe4 13. Bxe6 Qxe6 14. Nd4 Qd5
15. Nxc6 Qxc6 16. Qg4 Rad8 $11 {1/2-1/2 Nunn,J-Holzke,F/Germany 2002/EXT 2003 
(29)}) ({Another theoretical line goes with} 12. Re1 Rad8) 12... f5 {The only
way to support the knight, since the exchange on d2 is clearly in white's
favour.} 13. exf6 Nxf6 14. Qb1 {The idea of this move is to put pressure on
black's kingside, as well as to prevent the exchange of light-squared bishops
after Be6-f5.} (14. Re1 Bd6 15. Nf1 Bf5 16. Ng3 Bxg3 17. hxg3 Rae8 $11 {
1-0 Frolov,A-Mikhalevski,V/Kiev 1995/CBM 51 (70)}) (14. h3 Bf5 15. Bxf5 Qxf5
16. Nb3 Ne4 17. Nbd4 Nxd4 18. Nxd4 Qg6 19. Qg4 Qxg4 20. hxg4 $11 {1-0 Kamsky,
G-Piket,J/Monte Carlo 1995/CBM 46 ext (50)}) 14... Kh8 15. Ng5 $6 {This active
move is a source for white's problems.} (15. Bg5 Bd6 16. Bh4 Ng4 17. Bg3 Bxg3
18. hxg3 Bf5 19. Nb3 Bxc2 20. Qxc2 Qf7 $15 {1/2-1/2 Lanka,Z-Mikhalevski,V/
Baile Herculane 1994/EXT 97 (56)}) (15. Bf4 Ne4 16. Be3 Nf6 17. Bg5 Bd6 18. Bh4
Rae8 19. a4 b4 20. Bd3 Ne5 21. Nxe5 Bxe5 22. Nf3 Bd6 $15 {0-1 Socko,
B-Krasenkow,M/Warsaw 2002/CBM 89 (52)}) 15... Ng4 $1 {This strong move,
introduced by Ivan Sokolov against Zoltan Almasi (see below) gives black
excellent game. It appears that black can ignore white's threat on h7 point.} (
15... Bg8 $6 16. Bf5 Qd8 17. Ndf3 Bd6 18. Qc2 $14 {1/2-1/2 Sax,G-Rodriguez,R/
Moscow 1982/IZT (51)}) 16. Nxh7 $2 $146 {Actually falling into a trap.} (16.
Ngf3 Qd6 17. Re1 Rxf3 18. Nxf3 Nce5 19. Nd2 Nc4 20. Nf1 Rf8 21. Bd1 Ncxe3 22.
fxe3 Rxf1+ 23. Kxf1 Qxh2 24. Bf3 Ne5 25. Qd1 Bh4 26. Rc1 Bg4 {0-1 Almasi,
Z-Sokolov,I/Wijk aan Zee 1995/CBM 46 [Wedberg] (26)}) ({Comes to consideration
} 16. Nxe6 Qxe6 17. Re1 {trying to simplify the position.}) {[%tqu "En","How
should black continue?","","","f8f5","As simple as strong. The Nh7 is trapped
and white will be forced to part with all his active light pieces very soon...
",10]} 16... Rf5 $1 $17 {[%csl Rh7] As simple as strong. The Nh7 is trapped
and white will be forced to part with all his active light pieces very soon...}
17. Qd1 Nxe3 18. fxe3 g6 19. a4 (19. Bxf5 Bxf5 20. e4 dxe4 21. Nxe4 Qxd1 22.
Raxd1 Kxh7 {and pair of black's bishops worth more than white's rook + pawn.})
19... b4 {Correctly preventing from white the opening of the "a" file. The Nh7
is going nowhere.} 20. cxb4 Nxb4 21. Bxf5 Bxf5 22. Nf3 $6 ({The best practical
attempt was} 22. e4 dxe4 23. Nxe4 $1 Qxd1 24. Raxd1 Bxe4 25. Rd7 {with some
survival chances.}) 22... Kxh7 {[%csl Gb4,Gd7,Ge7,Gf5] Materially speaking,
the position is approximately equal, however white has no chance to survive,
since black's pieces control the whole board.} 23. Rc1 c5 24. h3 Qe6 25. Qd2
Rc8 26. h4 (26. e4 Bxe4 27. Ng5+ Bxg5 28. Qxg5 Kg7 $19) 26... Kg8 27. Ng5 Qe5
28. b3 Bd6 29. Rf4 d4 {White resigned, because his position is totally
collapsing.} 0-1

[Event "RUS-chT 12th"]
[Site "Sochi"]
[Date "2005.04.24"]
[Round "6"]
[White "Sutovsky, Emil"]
[Black "Sorokin, Maxim"]
[Result "1-0"]
[WhiteElo "2665"]
[BlackElo "2599"]
[Annotator "Postny,E"]
[PlyCount "89"]
[EventDate "2005.04.19"]
[EventType "team-tourn"]
[EventRounds "11"]
[EventCountry "RUS"]
[SourceTitle "EXT 2020"]
[Source "ChessBase"]
[SourceDate "2019.10.17"]
[SourceVersion "1"]
[SourceVersionDate "2019.10.17"]
[SourceQuality "1"]
[WhiteTeam "Saransk TPS"]
[BlackTeam "Samara Yunilain"]
[WhiteTeamCountry "RUS"]
[BlackTeamCountry "RUS"]

1. e4 e5 2. Nf3 Nc6 3. Bb5 a6 4. Ba4 Nf6 5. O-O Nxe4 6. d4 b5 7. Bb3 d5 8. dxe5
Be6 9. Nbd2 Nc5 10. c3 Be7 ({Other theoretical continuations are:} 10... d4) (
10... Bg4) 11. Bc2 d4 12. Nb3 d3 13. Nxc5 {This is a safe choice. White gets a
slightly preferable endgame by force.} ({A more ambitious continuation is} 13.
Bb1) 13... dxc2 14. Qxd8+ Rxd8 15. Nxe6 fxe6 16. Be3 Rd5 17. Rfc1 {This move
is more accurate than 17.Rac1, since it sets the square f1 free for the white
king, as well as the rook on a1 might support a2-a4 push in some case.} (17. c4
bxc4 18. Rac1 Nxe5 19. Nxe5 Rxe5 20. Rxc2 {- see the annotated game Svidler,
P-Kaidanov,G/Moscow 2003/CBM 94 [Postny,E]}) 17... Nxe5 18. Nxe5 Rxe5 19. Rxc2
(19. Bd4 Rg5 (19... Re2 20. Kf1 Rd2 21. Be3 Rd5 22. Rxc2 O-O 23. a4 Bd6 24. g3
Kf7 25. axb5 axb5 26. Ra7 $14 {1-0 Gruenfeld,Y-Greenfeld,A/Biel 1999 (57)}) 20.
Rxc2 Kf7 21. a4 Rd5 22. axb5 axb5 23. g3 Rhd8 24. Kg2 R8d7 25. Be3 Bc5 26. Bxc5
Rxc5 27. Ra5 c6 28. Re2 Rcd5 29. Ra6 R7d6 30. Ra7+ Rd7 31. Ra6 R7d6 32. Rb6 Kf6
$11 {1/2-1/2 Benjamin,J-Kaidanov,G/San Diego 2004 (43)}) 19... Kf7 (19... O-O
20. g3 Bc5 21. Bf4 Ref5 22. Re1 g5 23. Be3 Bxe3 24. Rxe3 Kf7 25. Rce2 Re8 {
1/2-1/2 Sutovsky,E-Krasenkow,M/Shenyang 1999 [Mikhalevski,V] (69) Black did
not have real problems to hold this one.}) 20. c4 b4 21. Rd1 Rd8 22. Rxd8 Bxd8
23. Kf1 Bg5 24. Ba7 $1 {After the exchange of the bishops the position will be
drawish, so white should save the bishop from an exchange to retain some
chances.} Be7 $146 (24... Rf5 25. Ke2 Ke8 26. Kd3 Kd7 27. f3 c5 28. Re2 Be7 29.
Bb8 a5 30. Ke4 Kc6 31. Be5 g6 32. g4 Rf8 33. Rd2 a4 34. Bg3 h5 35. Rd3 hxg4 36.
fxg4 Rf1 $132 {1/2-1/2 Xie Jun-Polgar,Z/Jaen 1996 (46)}) 25. Re2 Rf5 26. Be3 h5
(26... Bc5 27. g4 Re5 28. Bf4 Rxe2 29. Kxe2 c6 {Black holds this endgame.}) 27.
g3 g5 $2 {This is already a mistake, because Pg5 will be fixed and become a
target for White very soon.} ({Again, i don't see what was wrong with} 27...
Bc5) 28. h3 Bd6 $2 {After this move black is lost.} ({It was necessary to move
the rook out of the 5th rank.} 28... Ke8 29. g4 hxg4 30. hxg4 Rf7) 29. g4 hxg4
30. hxg4 Ra5 31. b3 Kf6 32. Bd2 Ra3 {Looks really weird, but there is nothing
better. Black's rook is stock on the 5th rank, the bishop and the king have to
protect Pb4 and Pg5 weaknesses. Black is actually in zugzwang.} 33. Kg2 Be7 (
33... a5 $2 34. Bc1 {[%csl Ra3]}) 34. Kf3 Kf7 35. Be3 Ra5 36. Ke4 Kg6 37. Rc2
$1 Kf7 38. Bd2 Bd6 39. a4 $1 $18 {[%mdl 4096] Now, White's Pa2 is no more a
weakness. White's rook is now ready for decisive actions.} Re5+ 40. Kd3 a5 41.
Rc1 Be7 42. Rh1 Rc5 (42... Kg7 43. Be3 Bc5 44. Bxc5 Rxc5 45. Rh5 Kg6 46. f4 $18
) 43. Be3 Rc6 44. Rh7+ Kf6 45. Bd4+ {Not a very typical, but a very nice
positional game from Emil.} (45. Bd4+ e5 46. Rh6+ {[%csl Rc6][%cal Gh6c6]}) 1-0